| 000 | 00660nam a2200205 a 4500 | ||
|---|---|---|---|
| 005 | 20250901165416.0 | ||
| 008 | 920617s1993 maua 001 0 eng | ||
| 010 | _a 92072389 | ||
| 020 | _a0395624843 (student book) | ||
| 020 | _a0395638712 (instructor's annotated ed.) | ||
| 050 | 0 | 0 |
_aHF5635 .N35 1993 _b.N35 1993 |
| 082 | 0 | 0 |
_a657 _220 |
| 100 | 1 | _aNeedles, Belverd E. | |
| 245 | 1 | 0 |
_aPrinciples of accounting / _cBelverd E. Needles Jr., Henry R. Anderson, James C. Caldwell. |
| 250 | _a5th ed. | ||
| 260 |
_aBoston : _bHoughton Mifflin Co., _cc1993. |
||
| 300 |
_axlvi, 1143, 63, 23 p. : _bill. ; _c29 cm. |
||
| 500 | _aIncludes index. | ||
| 942 | _2ddc | ||
| 999 |
_c3481 _d3481 |
||